000 00398pab a2200157 454500
008 180718b1988 xxu||||| |||| 00| 0 eng d
100 _aGray, Andrew
245 _aPublic administration and government in 1987
260 _c1988
300 _a321-39
362 _aJul.
650 _aPublic Administration - U.K
700 _aWilliam Jenkins
773 _aParliamentary Affairs
909 _a16584
999 _c16584
_d16584